书目信息 |
| 书名: | Feeding: Solved - From Breastfeeding to First Foods | |
| 作者: | CORINNE ROBERTS | |
| 分册号: | ||
| 分册名: | 出版地: | HONG KONG |
|
| 出版社: | HarperCollins Publishers Limited | |
| 出版时间: | 2009 | |
| 页数: | 224P | |
| 开本: | 23CM | |
| 丛书名: | ||
| 中图分类号: | ||
| 科图分类号: | ||
| 其他分类号: | R174 | |
| 主题词: | ||
| 电子资源: | ||
| 000 | 00435nam0 2200145 450 | |
| 001 | 202012002690 | |
| 005 | 20121129155146.0 | |
| 008 | 12112901s | |
| 020 | @a9780007289172@c$12.99 | |
| 099 | @dR174@eC798 | |
| 245 | 10 | @aFeeding: Solved - From Breastfeeding to First Foods@cCORINNE ROBERTS |
| 260 | 0 | @aHONG KONG@bHarperCollins Publishers Limited@c2009 |
| 300 | @a224P@c23CM | |
| 905 | @b13429-30 | |
| 905 | @aTSG@dR174@eC798 | |
| Feeding: Solved - From Breastfeeding to First Foods / CORINNE ROBERTS.-HONG KONG : HarperCollins Publishers Limited , 2009 |
| 224P ; 23CM |
| ISBN 9780007289172$12.99 |
| ● |
| 相关链接 |
|
|
|
正题名:Feeding: Solved - From Breastfeeding to
索取号:R174/C798
 
预约/预借
| 序号 | 登录号 | 条形码 | 馆藏地/架位号 | 状态 | 备注 |
| 1 | 13429 | 300134290 | 自科库401/401自科库 8排1列1层/ [索取号:R174/C798] | 在馆 | |
| 2 | 13430 | 300134307 | 自科库401/401自科库 8排1列1层/ [索取号:R174/C798] | 在馆 |